Donot Belive Everything You Think (Record no. 13060)

MARC details
000 -LEADER
fixed length control field 00347nam a22001457a 4500
003 - CONTROL NUMBER IDENTIFIER
control field OSt
008 - FIXED-LENGTH DATA ELEMENTS--GENERAL INFORMATION
fixed length control field 250204b |||||||| |||| 00| 0 eng d
020 ## - INTERNATIONAL STANDARD BOOK NUMBER
International Standard Book Number 9789355431356
082 ## - DEWEY DECIMAL CLASSIFICATION NUMBER
Classification number 153.42 NGD
100 ## - MAIN ENTRY--PERSONAL NAME
Personal name Nguyan, Joseph
245 ## - TITLE STATEMENT
Title Donot Belive Everything You Think
260 ## - PUBLICATION, DISTRIBUTION, ETC. (IMPRINT)
Place of publication, distribution, etc Noida
Name of publisher, distributor, etc Manjul Pub.
Date of publication, distribution, etc 2024
300 ## - PHYSICAL DESCRIPTION
Extent 167
942 ## - ADDED ENTRY ELEMENTS (KOHA)
Source of classification or shelving scheme Dewey Decimal Classification
Koha item type Text Books
Holdings
Withdrawn status Lost status Source of classification or shelving scheme Damaged status Not for loan Collection code Home library Current library Date acquired Source of acquisition Currency Cost, normal purchase price Bill Number Total Checkouts Full call number Acc. no. / Barcode Date last seen Date last borrowed Actual Cost, discounted price Bill Date Koha item type
    Dewey Decimal Classification     B.Pharma PIET C-LIBRARY PIET C-LIBRARY 23/01/2025 Zafaa Books Distributres In Rupees 299.00 ZBDO449 6 153.42 NGD BP2605 06/10/2025 04/10/2025 224.25 22/01/2025 Text Books

Design & Developed by: PIET Central Library
R70 Miles Stone Pattikalyana Samalkha Panipat 132102
mail ID :- [email protected], Phone No:- 0180-2569700 Ex.216